<?xml version="1.0" encoding="UTF-8"?>
<collection xmlns="http://www.loc.gov/MARC21/slim">
 <record>
  <leader>00573pamaa2200169   4500</leader>
  <controlfield tag="001">0000051736</controlfield>
  <controlfield tag="005">20131001090000.0</controlfield>
  <controlfield tag="008">131004                             eng  </controlfield>
  <datafield tag="022" ind1="0" ind2="0">
   <subfield code="a">09694641</subfield>
  </datafield>
  <datafield tag="245" ind1="1" ind2="0">
   <subfield code="a">Economics today : </subfield>
   <subfield code="b">vol.18-19, No. 1-4, 2010-2012.</subfield>
  </datafield>
  <datafield tag="260" ind1="0" ind2="0">
   <subfield code="a">Northumberland, NE: </subfield>
   <subfield code="b">Economy Today Ltd., </subfield>
   <subfield code="c">1993-.</subfield>
  </datafield>
  <datafield tag="300" ind1=" " ind2=" ">
   <subfield code="a">v. p.: </subfield>
   <subfield code="b">col. ill.; </subfield>
   <subfield code="c">28 cm.</subfield>
  </datafield>
  <datafield tag="500" ind1="0" ind2="0">
   <subfield code="a">The essential Magazine for 'A' level economics</subfield>
  </datafield>
  <datafield tag="501" ind1="0" ind2="0">
   <subfield code="a">Library</subfield>
  </datafield>
  <datafield tag="650" ind1="0" ind2="0">
   <subfield code="a">Economics -- </subfield>
   <subfield code="x">Periodicals </subfield>
  </datafield>
  <datafield tag="650" ind1="0" ind2="0">
   <subfield code="a">Great Britain -- </subfield>
   <subfield code="x">Economic conditions -- </subfield>
   <subfield code="x">Periodicals </subfield>
  </datafield>
  <datafield tag="700" ind1="1" ind2="1">
   <subfield code="a">Maunder, </subfield>
   <subfield code="h">Peter </subfield>
  </datafield>
 </record>
</collection>
